00401nam a2200133Ia 4500008004100000020001800041100001600059245006700075250001100142260004100153300002200194650002900216650002200245180922s9999 xx 000 0 und d a9780470565315 aKao,Robert. cRobert Kao, Dante Sarigumba.--aBlackberry storm for dummies / a2nd ed aNew Jersey :bWiley Publishingc2010 axxvii, 340 pages. aBlackBerry (Smartphone). aMobile computing.